<?xml version="1.0" encoding="UTF-8"?>
<collection xmlns="http://www.loc.gov/MARC21/slim">
 <record>
  <leader>01871nam a22001931  4500</leader>
  <controlfield tag="001">1/19258</controlfield>
  <controlfield tag="008">020530s2000    gr              1   gre d</controlfield>
  <datafield tag="035" ind1=" " ind2=" ">
   <subfield code="l">19824</subfield>
  </datafield>
  <datafield tag="040" ind1=" " ind2=" ">
   <subfield code="a">GR-PeUP</subfield>
  </datafield>
  <datafield tag="090" ind1=" " ind2=" ">
   <subfield code="a">305.09495 ΦΑ</subfield>
  </datafield>
  <datafield tag="110" ind1="2" ind2=" ">
   <subfield code="a">Ελλάδα. Υπουργείο Εξωτερικών. Γενική Γραμματεία Απόδημου Ελληνισμού.</subfield>
  </datafield>
  <datafield tag="245" ind1="1" ind2="0">
   <subfield code="a">Φαινόμενα κοινωνικής παθογένειας σε ομάδες κοινωνικού αποκλεισμού /</subfield>
   <subfield code="c">εισαγωγή - επιμέλεια Κούλα Κασιμάτη ; εισηγήσεις Κούλα Κασιμάτη ... [κ.ά.]</subfield>
  </datafield>
  <datafield tag="260" ind1=" " ind2=" ">
   <subfield code="a">Αθήνα :</subfield>
   <subfield code="b">Υπουργείο Εξωτερικών. Γενική Γραμματεία Απόδημου Ελληνισμού Πάντειο Πανεπιστήμιο Κοινωνικών και Πολιτικών Επιστημών, ΚΕΚΜΟΚΟΠ με τη συνδρομή του Ευρωπαϊκού Κοινωνικού Ταμείου.</subfield>
   <subfield code="c">2000</subfield>
  </datafield>
  <datafield tag="300" ind1=" " ind2=" ">
   <subfield code="a">129 σ. ;</subfield>
   <subfield code="c">21 εκ.</subfield>
  </datafield>
  <datafield tag="500" ind1=" " ind2=" ">
   <subfield code="a">Εισηγήσεις που έγιναν στην 2η Επιστημονική Ημερίδα που οργάνωσε η Γενική Γραμματεία Απόδημου Ελληνισμού και το ΚΕΚΜΟΚΟΠ, Αθήνα, 20-12-2000</subfield>
  </datafield>
  <datafield tag="651" ind1=" " ind2="0">
   <subfield code="a">Ελλάδα</subfield>
   <subfield code="x">Αποδημία και εποίκηση</subfield>
   <subfield code="x">Συνέδρια.</subfield>
  </datafield>
  <datafield tag="650" ind1=" " ind2="4">
   <subfield code="a">Φυλετικές διακρίσεις</subfield>
   <subfield code="z">Ελλάδα.</subfield>
  </datafield>
  <datafield tag="710" ind1="2" ind2=" ">
   <subfield code="a">Πάντειο Πανεπιστήμιο Κοινωνικών και Πολιτικών Επιστημών.</subfield>
   <subfield code="b">Κέντρο Κοινωνικής Μορφολογίας και Κοινωνικής Πολιτικής.</subfield>
  </datafield>
  <datafield tag="852" ind1=" " ind2=" ">
   <subfield code="a">INST</subfield>
   <subfield code="b">UNIPILB</subfield>
   <subfield code="c">MAIN</subfield>
   <subfield code="e">20040709</subfield>
   <subfield code="h">305.09495 ΦΑ</subfield>
   <subfield code="p">00125314</subfield>
   <subfield code="q">00125314</subfield>
   <subfield code="t">LOAN</subfield>
   <subfield code="y">0</subfield>
   <subfield code="4">1</subfield>
  </datafield>
 </record>
</collection>
